000 00578nam a2200169Ia 4500
008 090711s9999 xx 000 0 und d
082 _b44004
100 _aअष्टीकर मंदाकिनी
245 _aआणि वणवा शांत झाला
260 _c1981
300 _a216
600 _aअष्टीकर मंदाकिनी
630 _aआणि वणवा शांत झाला
700 _aअष्टीकर मंदाकिनी
730 _aआणि वणवा शांत झाला
942 _cBOOK
999 _c296090
_d296090